Liedtext Männer - Herbert Grönemeyer - Statistiken

Allgemein
  • Dieses Quiz wurde 591 mal gespielt
  • Das Durchschnittsergebnis liegt bei 109 aus 156
Antwortstatistiken
Antwort % Korrekt
Mann
100%
Männer
98%
sind
98%
ein
95%
ist
90%
Wann
88%
haben
84%
in
84%
auf
83%
einfach
80%
so
79%
und
78%
unersetzlich
78%
als
76%
schon
76%
Haar
75%
Kind
75%
den
74%
dieser
74%
verletzlich
74%
Welt
74%
ganz
71%
nehmen
71%
weinen
68%
geeicht
67%
Arm
66%
heimlich
66%
weich
66%
viel
65%
Kriege
64%
Außen
63%
brauchen
63%
Geborgenheit
63%
hart
63%
Innen
63%
leicht
63%
schwer
62%
blau
61%
furchtbar
61%
Baby
60%
geben
60%
stark
60%
Zärtlichkeit
60%
kriegen
59%
am
58%
Frauen
57%
haben's
57%
Werden
57%
Telefon
56%
nen
54%
wie
54%
dünnes
53%
führen
53%
Herzinfarkt
53%
Muskeln
53%
schlau
51%
Alles
50%
alles
50%
stehen
49%
Strom
49%
unter
49%
immer
48%
lügen
48%
ständig
47%
blöde
46%
können
46%
nehmen's
46%
keine
45%
Kinder
45%
durch
44%
ihr
44%
auch
43%
genau
41%
kaufen
41%
sonderbar
41%
baggern
40%
ihre
38%
rauchen
38%
bauen
37%
Müssen
37%
müssen
37%
machen
36%
Raketen
36%
bestechen
35%
Lässigkeit
35%
Menschen
35%
weiter
35%
jede
34%
Geld
33%
Pfeife
33%
allzeit
32%
bereit
32%
einsame
32%
Wand
32%
Streiter
30%
etwas
25%
Keine übereinstimmenden Quizze gefunden
Verteilung der Resultate
Anzahl Personen mit jedem Resultat
Perzentil nach korrekt beantworteten Fragen
Ihre Resultats-Entwicklung
Sie haben dieses Quiz noch nicht gespielt